000 00766nam a2200265Ia 4500
003 OSt
005 20220918185057.0
006 a|||||r|||| 00| 0
007 ta
008 220917b |||||||| |||| 00| 0 eng d
024 _a49,492
037 _cTextual
040 _aARTS
_cARTS
_beng
041 _2eng
_aeng
082 _aP:4:(R1)p1,N70, L5
110 _aHamito-Semitic Colloquium (1970) (London)
_967709
245 0 _aProceedings ed by James Bynon and Theodora Bynon
260 _aHague
_bMouton
_c1975
300 _a518p.
_ccm.
500 _aIncludes bibliography
650 _aLINGUISTICS
700 _aHamito-Semitic Colloquium (1970) (London)
_967710
942 _hP:4:(R1)p1,N70, L5
_cTEXL
_2CC
999 _c179114
_d179114